1375 1260 1162 1784 1861 1999 1611 1017 1673 1241 1902 1123 1720 1103 1811 1306 1129 1991 1506 1832 1326 1500 1848 1165 1436 1436 1457 1412 1239 1251 1100 1234 1125 1521 1000 1997 1182 1262 1014 1550 1834 1790 1546 1467 1717 1835 1277 1046 1293 1032 1920 1620 1527 1132 1309 1993 1669 1433 1985 2000 1619 1518 1903 1297 1131 1489 1360 1154 1991 1428 1969 1442 1204 1852 1775 1889 1685 1289 1971 1783 1917 1154 1381 1163 1594 1672 1012 1199 1989 1405 1902 1156 1700 1174 1031 1773 1229 1224 1234 BCNSPRNW ULIB Ver.6.0+V

เปลี่ยนเป็นภาษาไทย

Change to English
 แสดงรายละเอียดบรรณานุกรม
  กลับหน้าหลัก

Brief Record : Get Marc (ISO 2709) : E-mail record : QR code < ปิดหน้าต่าง
LEADER : 00000nam 2200000uu 4500
001    13399122518
003     ULIB
008    130712s2010||||th 000 0 tha d
020    ^a0721680208 (pbk.)
060 04 ^aQS4^bA648a
100 1  ^aApplegate, Edith J.
245 14 ^aThe anatomy and physiology learning system /^cEdith Applegate ; illustrated by Pat Thomas
250    ^a2nd ed.
260    ^aPhiladelphia :^bSaunders,^cc2010
300    ^axxii, 498 p. :^bill. ;^c28 cm.
500    ^aIncludes index
650  2 ^aAnatomy
650  2 ^aPhysiology
945    ^p0^l0^i19971
999    ^aเกษร โพธิ์สุวรรณ
รายการนี้ยังไม่มีแท็ก
คุณยังไม่ได้ล็อกอิน คุณสามารถมีกิจกรรมร่วมกับเว็บไซต์ได้ แต่ต้องล็อกอินก่อน ::
  ล็อกอิน

รายการสื่อสารสนเทศ

ลำดับที่ ประเภท เลขเรียก/บาร์โค้ด สถานที่ สถานะ
1. วิทยาศาสตร์การแพทย์ และสุขภาพ
วิทยาศาสตร์การแพทย์ และสุขภาพ
QS4 A648a  
  Barcode: 19971
ห้องสมุดวิทยาเขตสวรรค์ประชารักษ์
►หนังสือทั่วไป
บนชั้น

รายการใกล้เคียง
    หัวเรื่อง [Anatomy]
    หัวเรื่อง [Physiology]

BibComment


ยังไม่เคยถูกคอมเมนท์

คอมเมนท์ทรัพยากรรายการนี้
  คอมเมนท์: The anatomy and ..


 Copyright 2026. Bcnsprnw @Library